[Event "WchT Seniors 65"]
[Site "Dresden"]
[Date "2018.07.08"]
[Round "2.1"]
[White "Sveshnikov, Evgeny"]
[Black "Boehm, Erwin"]
[Result "1-0"]
[WhiteElo "2464"]
[BlackElo "2181"]
[PlyCount "59"]
[EventDate "2018.07.07"]
[EventType "team-swiss"]
[EventRounds "9"]
[EventCountry "GER"]
[SourceTitle "CBM 185 Extra"]
[Source "ChessBase"]
[SourceDate "2018.07.29"]
[SourceVersion "1"]
[SourceVersionDate "2018.07.29"]
[SourceQuality "1"]
[WhiteTeam "Russia"]
[BlackTeam "Stiftung BSW/DBAG"]
[WhiteTeamCountry "RUS"]
[BlackTeamCountry "GER"]

1. e4 g6 2. d4 Bg7 3. Nc3 c6 4. f4 d5 5. e5 h5 6. Nf3 Nh6 7. Be3 Bg4 8. h3 Nf5 9. Bf2 Bxf3 10. Qxf3 h4 11. Bd3 e6 12. 0-0 Nd7 13. Ne2 Bf8 14. b3 Be7 15. c4 Kf8 16. Rfc1 Nb6 17. c5 Nd7 18. b4 Kg7 19. a4 Qc7 20. b5 Rhc8 21. Nc3 Qa5 22. Qd1 Nb8 23. Qe1 Qd8 24. a5 cxb5 25. Nxb5 Nc6 26. Bxf5 exf5 27. Nd6 Rc7 28. a6 b6 29. Nb7 Qd7 30. Rab1 1-0

[Event "GER-chT Seniors 26th"]
[Site "Templin"]
[Date "2017.09.25"]
[Round "1.4"]
[White "Gerigk, Wolf"]
[Black "Boehm, Erwin"]
[Result "0-1"]
[WhiteElo "2032"]
[BlackElo "2154"]
[PlyCount "80"]
[EventDate "2017.09.25"]
[EventType "team-swiss"]
[EventRounds "7"]
[EventCountry "GER"]
[SourceTitle "EXT 2019"]
[Source "ChessBase"]
[SourceDate "2018.10.10"]
[SourceVersion "1"]
[SourceVersionDate "2018.10.10"]
[SourceQuality "1"]
[WhiteTeam "Hamburg"]
[BlackTeam "Sachsen"]
[WhiteTeamCountry "GER"]
[BlackTeamCountry "GER"]

1. c4 g6 2. g3 Bg7 3. Bg2 e5 4. Nc3 d6 5. b4 a5 6. b5 f5 7. Bb2 Nf6 8. Nf3 0-0 9. 0-0 Nbd7 10. e3 e4 11. Ne1 Ne5 12. d3 Be6 13. f4 exf3 14. Nxf3 Nfg4 15. Qe2 c6 16. Nd4 Bd7 17. Nc2 Be6 18. Nd4 Bd7 19. Nc2 Re8 20. h3 Nf6 21. Rab1 Nh5 22. d4 Nf7 23. Kh2 Rc8 24. bxc6 Bxc6 25. Nd5 Nf6 26. Nxf6+ Bxf6 27. d5 Ba4 28. Nd4 Bd7 29. Ne6 Qe7 30. g4 Bxb2 31. Rxb2 fxg4 32. hxg4 Ne5 33. Rf4 Kh8 34. Rxb7 Qh4+ 35. Bh3 g5 36. Re4 Bxe6 37. dxe6 Rxe6 38. Qf1 Qh6 39. c5 Rf8 40. Qg2 Nf3+ 0-1

[Event "GER-chT Seniors 24th"]
[Site "Berlin"]
[Date "2015.09.11"]
[Round "6.2"]
[White "Dobierzin, Olaf"]
[Black "Boehm, Erwin"]
[Result "0-1"]
[WhiteElo "1998"]
[BlackElo "2172"]
[PlyCount "66"]
[EventDate "2015.09.06"]
[EventType "team-swiss"]
[EventRounds "7"]
[EventCountry "GER"]
[SourceTitle "EXT 2018"]
[Source "ChessBase"]
[SourceDate "2017.10.13"]
[SourceVersion "1"]
[SourceVersionDate "2017.10.13"]
[SourceQuality "1"]

1. e4 g6 2. d4 Bg7 3. Nc3 c6 4. Nf3 d5 5. h3 Nf6 6. Bd3 dxe4 7. Nxe4 Nxe4 8. Bxe4 Nd7 9. c3 0-0 10. 0-0 Qc7 11. Re1 c5 12. Bg5 Re8 13. Qd2 cxd4 14. cxd4 Nf6 15. Bd3 Be6 16. Bf4 Qb6 17. Be5 Bd5 18. Rac1 Rac8 19. b3 Rxc1 20. Rxc1 Bxf3 21. gxf3 Nd5 22. Bxg7 Kxg7 23. Bc4 Rd8 24. Re1 e6 25. Re5 Ne7 26. Rb5 Qc7 27. Qe3 b6 28. Qe5+ Qxe5 29. dxe5 Nc6 30. Kg2 Rb8 31. a3 a6 32. Rb4 Nxb4 33. axb4 b5 0-1

[Event "GER-chT Seniors 23rd"]
[Site "Bergen"]
[Date "2014.09.01"]
[Round "1.2"]
[White "Boehm, Erwin"]
[Black "Falk, Thomas"]
[Result "1-0"]
[WhiteElo "2211"]
[BlackElo "2080"]
[PlyCount "31"]
[EventDate "2014.09.01"]
[EventType "team-swiss"]
[EventRounds "7"]
[EventCountry "GER"]
[SourceTitle "EXT 2018"]
[Source "ChessBase"]
[SourceDate "2017.10.13"]
[SourceVersion "1"]
[SourceVersionDate "2017.10.13"]
[SourceQuality "1"]

1. e4 e5 2. Nf3 Nc6 3. Bb5 a6 4. Bxc6 dxc6 5. d4 exd4 6. Qxd4 Qxd4 7. Nxd4 c5 8. Ne2 Bd7 9. Be3 0-0-0 10. Nbc3 Bd6 11. 0-0-0 Ne7 12. Bf4 Bc6 13. e5 Bxe5 14. Rxd8+ Rxd8 15. Bxe5 f6 16. Bf4 1-0

[Event "EU-chT Seniors 15th"]
[Site "Dresden"]
[Date "2013.07.25"]
[Round "6"]
[White "Malmdin, Nils Ake"]
[Black "Boehm, Erwin"]
[Result "1/2-1/2"]
[WhiteElo "2242"]
[BlackElo "2221"]
[PlyCount "109"]
[EventDate "2013.07.20"]
[EventType "team-swiss"]
[EventRounds "9"]
[EventCountry "GER"]
[SourceTitle "CBM 155 Extra"]
[Source "ChessBase"]
[SourceDate "2013.08.26"]
[SourceVersion "1"]
[SourceVersionDate "2013.08.26"]
[SourceQuality "1"]
[WhiteTeam "Sweden"]
[BlackTeam "BSW/DBAG"]
[WhiteTeamCountry "SWE"]
[BlackTeamCountry "GER"]

1. e4 g6 2. d4 Bg7 3. Nc3 c6 4. f4 d5 5. e5 h5 6. Nf3 Nh6 7. Be2 Bg4 8. Ng5 Bxe2 9. Qxe2 e6 10. Be3 Nf5 11. Bf2 Bh6 12. Nh3 Nd7 13. g3 Qa5 14. a3 b5 15. 0-0 a6 16. Kg2 Qb6 17. Rfd1 Bf8 18. Ng5 c5 19. Nf3 cxd4 20. Nxd4 Nxd4 21. Bxd4 Bc5 22. Qe3 Ke7 23. Ne2 b4 24. axb4 Qxb4 25. Bxc5+ Nxc5 26. c3 Qb5 27. b4 Ne4 28. Ra5 Qc4 29. Rd4 Qc6 30. c4 Rhd8 31. cxd5 exd5 32. Qd3 Ke6 33. f5+ gxf5 34. Nf4+ Kxe5 35. Rdxd5+ Rxd5 36. Qxd5+ Qxd5 37. Rxd5+ Kf6 38. Nxh5+ Kg5 39. Ng7 Rb8 40. Nxf5 Rxb4 41. Ne3+ Kg6 42. Ra5 Rb2+ 43. Kg1 Ng5 44. Rxa6+ f6 45. Nd5 Nf3+ 46. Kf1 Nxh2+ 47. Kg1 Ng4 48. Ra1 Rd2 49. Nf4+ Kf5 50. Re1 Nf2 51. Re2 Rxe2 52. Nxe2 Ne4 53. Kh2 Kg4 54. Kg2 f5 55. Nd4 1/2-1/2

[Event "GER-ch Seniors 21st"]
[Site "Dresden"]
[Date "2009.08.07"]
[Round "6"]
[White "Niebling, Ferdinand"]
[Black "Boehm, Erwin"]
[Result "1/2-1/2"]
[WhiteElo "2177"]
[BlackElo "2232"]
[PlyCount "109"]
[EventDate "2009.08.03"]
[EventType "swiss"]
[EventRounds "9"]
[EventCountry "GER"]
[SourceTitle "CBM 131 Extra"]
[Source "ChessBase"]
[SourceDate "2009.09.03"]
[SourceVersion "2"]
[SourceVersionDate "2009.09.16"]
[SourceQuality "1"]

1. d4 g6 2. c4 Bg7 3. Nc3 d6 4. Nf3 c6 5. g3 Nd7 6. Bg2 Qc7 7. 0-0 Ngf6 8. e4 0-0 9. h3 e5 10. Be3 h6 11. Qc2 Nh5 12. Rad1 Re8 13. Nh4 Nf8 14. d5 c5 15. Qe2 Nf6 16. Rde1 Qe7 17. Qd2 Kh7 18. f4 Nh5 19. Qf2 g5 20. fxg5 hxg5 21. Nf5 Qf6 22. Qe2 Qg6 23. Bf3 Nf4 24. gxf4 exf4 25. Bh5 Qf6 26. Nxg7 Qxg7 27. Bd2 Bxh3 28. Qh2 Bxf1 29. Bxf7+ Qh6 30. Qxh6+ Kxh6 31. Bxe8 Bh3 32. Kh2 Bg4 33. Ba4 Ng6 34. Bd1 Bxd1 35. Rxd1 Ne5 36. b3 Kg6 37. Nb5 Rd8 38. Kg2 a6 39. Nc7 Rh8 40. Ne6 Rh4 41. Bc3 Ng4 42. Rg1 Ne3+ 43. Kf3 Rh3+ 44. Ke2 Rh2+ 45. Kd3 Ng2 46. Be1 f3 47. Bf2 g4 48. Bg3 Rh3 49. Bf2 g3 50. Bxg3 Rxg3 51. Rf1 Kf6 52. Rf2 Ke5 53. a3 Nf4+ 54. Ke3 Ng2+ 55. Kd3 1/2-1/2

[Event "GER-ch Seniors 21st"]
[Site "Dresden"]
[Date "2009.08.05"]
[Round "4"]
[White "Raabe, Joachim"]
[Black "Boehm, Erwin"]
[Result "0-1"]
[WhiteElo "2063"]
[BlackElo "2232"]
[PlyCount "73"]
[EventDate "2009.08.03"]
[EventType "swiss"]
[EventRounds "9"]
[EventCountry "GER"]
[SourceTitle "CBM 131 Extra"]
[Source "ChessBase"]
[SourceDate "2009.09.03"]
[SourceVersion "2"]
[SourceVersionDate "2009.09.16"]
[SourceQuality "1"]

1. c4 g6 2. Nc3 Bg7 3. g3 c5 4. Bg2 Nc6 5. Nf3 e5 6. e4 d6 7. a3 Nge7 8. Rb1 a5 9. 0-0 0-0 10. d3 f5 11. Ne2 h6 12. Bd2 f4 13. gxf4 exf4 14. Nxf4 g5 15. Nd5 Bg4 16. Ne3 Bh5 17. Bc3 Bxc3 18. bxc3 Ne5 19. Rxb7 Bxf3 20. Bxf3 Nxf3+ 21. Kg2 Rb8 22. Rxb8 Qxb8 23. d4 Qb7 24. Qd3 Ng6 25. Qb1 Qd7 26. Nf5 Ngh4+ 27. Kg3 Nxf5+ 28. exf5 Nd2 29. Qd3 Nxf1+ 30. Qxf1 Qxf5 31. f3 Qf4+ 32. Kg2 Qd2+ 33. Kh1 Qe3 34. Kg2 g4 35. Qb1 Qxf3+ 36. Kg1 Qf2+ 37. Kh1 0-1

[Event "GER Seniors Derby 08th"]
[Site "Wesel Undeloh"]
[Date "2009.04.19"]
[Round "7.2"]
[White "Boehm, Erwin"]
[Black "Kolb, Wolfgang1111"]
[Result "0-1"]
[WhiteElo "2165"]
[BlackElo "2068"]
[PlyCount "84"]
[EventDate "2009.04.16"]
[EventType "swiss"]
[EventRounds "7"]
[EventCountry "GER"]
[SourceTitle "EXT 2022"]
[Source "ChessBase"]
[SourceDate "2021.10.06"]
[SourceVersion "1"]
[SourceVersionDate "2021.10.06"]
[SourceQuality "1"]

1. e4 e6 2. d4 d5 3. Nd2 Nf6 4. e5 Nfd7 5. f4 c5 6. c3 Nc6 7. Ndf3 Qb6 8. g3 Be7 9. Kf2 f6 10. Kg2 Nf8 11. Bd3 Bd7 12. Ne2 0-0-0 13. b3 Be8 14. Be3 Bg6 15. a4 Be4 16. Rf1 Ng6 17. Qc2 cxd4 18. Bxd4 Bxd3 19. Qxd3 Qc7 20. Qe3 fxe5 21. fxe5 Kb8 22. b4 Rc8 23. Rfc1 Rhf8 24. h4 Rf5 25. g4 Rxf3 26. Kxf3 Ncxe5+ 27. Kg2 Nxh4+ 28. Kh3 Nef3 29. Bxa7+ Ka8 30. Ng3 Bg5 31. Qf2 Bxc1 32. Rxc1 Qe7 33. Bc5 Qf6 34. Nh5 Qe5 35. Bd4 Qe4 36. Ng3 Qd3 37. Bxg7 Ng6 38. Bh6 e5 39. Qb6 Nf4+ 40. Bxf4 exf4 41. Nf5 Nd4+ 42. Kh2 Qd2+ 0-1

[Event "GER Seniors Derby 08th"]
[Site "Wesel Undeloh"]
[Date "2009.04.16"]
[Round "2.1"]
[White "Krotofil, Kurt"]
[Black "Boehm, Erwin"]
[Result "1/2-1/2"]
[WhiteElo "1836"]
[BlackElo "2165"]
[PlyCount "83"]
[EventDate "2009.04.16"]
[EventType "swiss"]
[EventRounds "7"]
[EventCountry "GER"]
[SourceTitle "EXT 2022"]
[Source "ChessBase"]
[SourceDate "2021.10.06"]
[SourceVersion "1"]
[SourceVersionDate "2021.10.06"]
[SourceQuality "1"]

1. d4 g6 2. c4 Bg7 3. Nc3 d6 4. e4 Nc6 5. Be3 e5 6. d5 Nce7 7. Nge2 f5 8. f3 Nf6 9. Qd2 0-0 10. Nc1 c5 11. dxc6 bxc6 12. Nb3 Be6 13. Rd1 d5 14. cxd5 cxd5 15. exd5 Nfxd5 16. Bc4 Nc7 17. Bxe6+ Nxe6 18. Qxd8 Rfxd8 19. Rxd8+ Nxd8 20. 0-0 e4 21. fxe4 Bxc3 22. bxc3 fxe4 23. Rd1 Nf5 24. Bf4 Ne6 25. Be5 Rc8 26. Re1 Rc4 27. Nd2 Ra4 28. Nxe4 Rxa2 29. Nf6+ Kf7 30. Rb1 Nc5 31. Nxh7 Ke6 32. Bh8 Nh4 33. Rf1 Rxg2+ 34. Kh1 Ra2 35. Nf8+ Ke7 36. Bf6+ Kxf8 37. Bxh4+ Kg7 38. Rf2 Ra1+ 39. Kg2 Ne4 40. Rc2 Ra6 41. Kf3 Nf6 42. Bf2 1/2-1/2